|
|
|
|
| LEADER |
01567nam a2200373 a 4500 |
| 001 |
1591 |
| 003 |
BD-DhAAL |
| 005 |
20150617110509.0 |
| 008 |
150617s1994 caua b 000 0 eng |
| 010 |
|
|
|a 93042767
|
| 020 |
|
|
|a 155815308X
|
| 040 |
|
|
|a DLC
|c DLC
|d DLC
|d BD-DhAAL
|
| 050 |
0 |
0 |
|a HC336.26
|b .D654 1994
|
| 082 |
0 |
0 |
|a 332.4/947
|2 20
|
| 100 |
1 |
|
|a Dornbusch, Rudiger.
|9 12219
|
| 245 |
1 |
0 |
|a Post-communist monetary problems :
|b lessons from the end of the Austro-Hungarian Empire /
|c Rudiger Dornbusch.
|
| 260 |
|
|
|a San Francisco, Calif. :
|b ICS Press,
|c c1994.
|
| 300 |
|
|
|a 39 p. :
|b ill. ;
|c 23 cm.
|
| 490 |
1 |
|
|a Occasional paper ;
|v 49
|
| 500 |
|
|
|a "An International Center for Economic Growth Publication."
|
| 504 |
|
|
|a Includes bibliographical references (p. 36-39).
|
| 541 |
|
|
|e 1591
|
| 651 |
|
0 |
|a Former Soviet republics
|x Economic conditions.
|9 7908
|
| 651 |
|
0 |
|a Austria
|x Economic conditions
|y 1918-1945.
|9 12220
|
| 651 |
|
0 |
|a Europe, Central
|x Economic conditions.
|9 12221
|
| 651 |
|
0 |
|a Monetary policy
|z Former Soviet republics.
|9 12222
|
| 651 |
|
0 |
|a Monetary policy
|z Austria.
|9 12223
|
| 651 |
|
0 |
|a Monetary policy
|z Europe, Central.
|9 12224
|
| 651 |
|
0 |
|a Austria
|x History
|y 1918-1938.
|9 12225
|
| 651 |
|
0 |
|a Europe, Central
|x History.
|9 12226
|
| 830 |
|
0 |
|a Occasional papers (International Center for Economic Growth) ;
|v no. 49.
|9 8237
|
| 942 |
|
|
|2 ddc
|c BK
|
| 999 |
|
|
|c 34766
|d 34766
|
| 952 |
|
|
|0 0
|1 0
|2 ddc
|4 0
|6 332_494700000000000_DOR
|7 0
|9 54374
|a SCL
|b SCL
|c GEN
|d 2015-06-17
|e Gift: The Asia Foundation
|l 0
|o 332.4947 DOR
|p 3020001591
|r 2015-06-17
|t 1
|w 2015-06-17
|y BK
|